Classical electricity and magnetism (Record no. 14424)

000 -LEADER
fixed length control field 00648nam a22002171 4500
001 - CONTROL NUMBER
control field 14424
003 - CONTROL NUMBER IDENTIFIER
control field BD-DhUET
008 - FIXED-LENGTH DATA ELEMENTS--GENERAL INFORMATION
fixed length control field 850122s1962 maua b 000 0 eng
040 ## - CATALOGING SOURCE
Original cataloging agency DLC/ICU
Transcribing agency DLC
Modifying agency BD-DhUET
082 00 - DEWEY DECIMAL CLASSIFICATION NUMBER
Classification number 537
Item number PAN/1962
100 1# - MAIN ENTRY--PERSONAL NAME
Personal name Panofsky, Wolfgang K. H.
245 10 - TITLE STATEMENT
Title Classical electricity and magnetism
250 ## - EDITION STATEMENT
Edition statement 2nd ed.
260 ## - PUBLICATION, DISTRIBUTION, ETC. (IMPRINT)
Place of publication, distribution, etc. Massachusetts
Name of publisher, distributor, etc. Addison-Wesley Publishing
Date of publication, distribution, etc. 1962
300 ## - PHYSICAL DESCRIPTION
Extent xiv, 494 p.
Other physical details illus
Dimensions 24 cm.
490 ## - SERIES STATEMENT
Series statement This book is an Addison-Wesley world student series edition
504 ## - BIBLIOGRAPHY, ETC. NOTE
Bibliography, etc Includes bibliographies
650 #0 - SUBJECT ADDED ENTRY--TOPICAL TERM
Topical term or geographic name as entry element Electricity and Magnetism
700 ## - ADDED ENTRY--PERSONAL NAME
Personal name Phillips, Melba
942 ## - ADDED ENTRY ELEMENTS (KOHA)
Koha item type General Book
Holdings
Damaged status Withdrawn status Koha normalized classification for sorting Copy number Koha item type Lost status Price effective from Shelving location Date acquired Koha date last seen Sublocation or collection (holding branch) Not for loan Koha full call number Piece designation (barcode) Source of classification or shelving scheme Location (home branch)
  537_000000000000000_PAN_19621General Book 2015-03-08Circulation section2015-03-082015-03-08Central Library, BUET 537/PAN/196220043 Central Library, BUET
  537_000000000000000_PAN_19622General Book 2015-03-18Circulation section2015-03-182015-03-18Central Library, BUET 537/PAN/196224866 Central Library, BUET
  537_000000000000000_PAN_19623General Book 2015-03-19Circulation section2015-03-192015-03-19Central Library, BUET 537/PAN/196236800 Central Library, BUET
  537_000000000000000_PAN_19624General Book 2015-03-19Circulation section2015-03-192015-03-19Central Library, BUET 537/PAN/19624477 Central Library, BUET
  537_000000000000000_PAN_19625General Book 2015-03-19Circulation section2015-03-192015-03-19Central Library, BUET 537/PAN/196284667 Central Library, BUET